[Event "GER-chT U14"]
[Site "Magdeburg"]
[Date "2013.12.27"]
[Round "1.2"]
[White "Balazs, Balint"]
[Black "Yang, Daniel Danyang"]
[Result "1-0"]
[WhiteElo "1931"]
[BlackElo "1566"]
[PlyCount "77"]
[EventDate "2013.12.27"]
[EventType "team-swiss"]
[EventRounds "4"]
[EventCountry "GER"]
[SourceTitle "EXT 2015"]
[Source "ChessBase"]
[SourceDate "2014.11.20"]
[SourceVersion "1"]
[SourceVersionDate "2014.11.20"]
[SourceQuality "1"]
[WhiteTeam "Hagen"]
[BlackTeam "Koeln Porz"]
[WhiteTeamCountry "GER"]
[BlackTeamCountry "GER"]

1. e4 c6 2. d4 d5 3. e5 Bf5 4. Ne2 Nd7 5. Ng3 Bg6 6. h4 h6 7. h5 Bh7 8. e6 fxe6 9. Bd3 Qc7 10. Bxh7 Rxh7 11. Qd3 Ngf6 12. Qg6+ Kd8 13. f4 c5 14. Ne2 Qc6 15. c3 Rc8 16. Nd2 cxd4 17. cxd4 Qc7 18. 0-0 Nb6 19. Nf3 Nc4 20. Ne5 Nd6 21. Be3 Qc2 22. Qxc2 Rxc2 23. Nc3 Rxb2 24. Rab1 Rxb1 25. Rxb1 Nxh5 26. Nb5 Nxb5 27. Rxb5 b6 28. a4 Nf6 29. a5 Nd7 30. a6 Nxe5 31. dxe5 g5 32. Bxb6+ axb6 33. a7 Ke8 34. a8Q+ Kf7 35. f5 exf5 36. e6+ Kxe6 37. Qxd5+ Kf6 38. Qxf5+ Kg7 39. Rxb6 1-0